| 000 | 00743nam a2200265 i 4500 | ||
|---|---|---|---|
| 001 | 14147 | ||
| 003 | ES-MaACL | ||
| 005 | 20250815164338.0 | ||
| 007 | t| | ||
| 008 | 980504s1996 sp ||||0| spa j | ||
| 020 | _a84-7100-673-1 | ||
| 040 |
_aM-BN _bspa _cM-BN |
||
| 080 | _a297 | ||
| 100 | 1 |
_aDjaït, Hichem. _944914 |
|
| 245 | 1 | 3 |
_aLa personalidad y el devenir araboislámicos / _cHichem Djaït. |
| 260 |
_aMadrid : _bMAPFRE, _c[1996] |
||
| 300 |
_a332 p. ; _c23 cm. |
||
| 490 | 1 |
_aColección El Magreb ; _v15 |
|
| 500 | _aEn el lomo: XIX. | ||
| 650 | 7 |
_aIslamismo _2embne _913903 |
|
| 830 | 0 |
_aColección El Magreb ; _v15 _9178985 |
|
| 852 |
_aES-MaACL _jL-21367 _bR.126093 |
||
| 999 |
_c14147 _d14147 |
||